| 000 | 01895nam2a22002771 4500 | ||
|---|---|---|---|
| 001 | RU\NLR\P19\A1SV\19835 | ||
| 005 | 20251203152403.2 | ||
| 035 | _a(NLR Aleph) 011122675 | ||
| 090 |
_a11530284 _c11530284 |
||
| 100 | _a20100313d1919 u y0rusy50 ca | ||
| 101 | 0 | _arus | |
| 102 | _aRU | ||
| 105 | _aac z||||||g| | ||
| 200 | 1 | _aЛирика | |
| 210 |
_aМосква _cГосударственное издательство _d1919 |
||
| 215 |
_aXLVI, [2], 428, [2] с., 1 л. портр., 13 л. ил. _d27 |
||
| 300 | _aПортр.: 1) грав. Гейтмана, цинкография. 2) в лицейском мундире, цинкография | ||
| 461 | 0 |
_1001RU\NLR\P19\A1SV\19834 _12001#$aПолное собрание сочинений со сводом вариантов и объяснительными примечаниями$eв 3 томах и 6 частях$eиллюстрации по рисункам, гравюрам, литографиям эпохи Пушкина$fА.С. Пушкин$gред., вступ. ст. и коммент. Валерия Брюсова$vТ. 1, ч. 1 _911530280 _aПушкин, А. С. (1799-1837) _cМосква _d1919 _fА.С. Пушкин _nГосударственное издательство _oв 3 томах и 6 частях : иллюстрации по рисункам, гравюрам, литографиям эпохи Пушкина _tПолное собрание сочинений со сводом вариантов и объяснительными примечаниями _vТ. 1, ч. 1 |
|
| 686 | 0 |
_aШ6(2=Р)51я44 _2rubbk |
|
| 702 | 1 |
_4440 _7ca _8rus _aГейтман _bЕ. И. _cгравёр _f1800-1829 _gЕгор Иванович _9226491 _3RU\NLR\AUTH\770226547 |
|
| 801 | 0 |
_aRU _bNLR _c20100313 |
|
| 801 | 2 |
_aRU _bNLR _c20120723 _2rusmarc |
|
| 852 |
_aNLR _jПушкин/1-92 |
||
| 942 | _cBOOK | ||
| 980 | _aNB | ||